"Russia" in All Featured Languages - Statistics

General Stats
  • This quiz has been taken 67 times
  • The average score is 5 of 9
Answer Stats
Language Name % Correct
English Russia
98%
German Russland
67%
French Russie
65%
Italian Russia
55%
Portuguese Rússia
55%
Spanish Rusia
51%
Polish Rosja
36%
Dutch Rusland
33%
Finnish Venäjä
20%
No matching quizzes found
Score Distribution
Percent of People with Each Score
Percentile by Number Answered
Your Score History
You have not taken this quiz